Manuale di diritto civile e commerciale: codici e norme complementari

Guardat en:
Dades bibliogràfiques
Autor principal: Messineo, Francesco (autor)
Format: Llibre
Idioma:italià
Publicat: Milán Dott. A. Giuffrè 1952
Edició:8a. ed
Matèries:
Etiquetes: Afegir etiqueta
Sense etiquetes, Sigues el primer a etiquetar aquest registre!

MARC

LEADER 00000nam a2200000 a 4500
001 UCS2147
003 CL-VaPUC
008 970516e19520000IT |||||||||||||||||ita|d
082 0 4 |a 346.45  |b MES  |2 21 
100 |a Messineo, Francesco  |e autor  |9 387233 
245 1 0 |a Manuale di diritto civile e commerciale: codici e norme complementari 
250 |a 8a. ed 
300 |a 3 v 
942 |c BK 
945 |d 19970516 00:00:00  |a lriquelm 
260 |a Milán  |b Dott. A. Giuffrè  |c 1952 
500 |a v.1: Introduzione: L'ordinamiento giuridico italiano, Dottrine generale 
500 |a v.2 p.1: Diritti della personalitá, diritto della famiglia, diritti reali 
500 |a v.2 p.2: Diritto delle obbligazioni: pare generale 
500 |a v.3 p.1-1: Singoli rapporti obbligatori 
500 |a v.3 p.1-2: Signoli rapporti obbligatori 
500 |a v.3 p.2: Diritto delle successioni per causa di morte, Princippi di diritto privato internazionale 
500 |a v.3 p.2: appendice 
650 0 |a Derecho civil  |9 255013 
650 0 |a Derecho comercial   |9 256340 
650 0 |a Ordenamiento jurídico   |9 355371 
650 0 |a Personas  |9 255751 
650 0 |a Derecho de familia  |9 255603 
650 0 |a Derechos reales  |9 257708 
650 0 |a Obligaciones   |9 255578 
650 0 |a Contratos  |9 255153 
650 7 |a PERMUTA  |2 CL-VaPUC  |9 336776 
650 0 |a Compraventa  |9 255413 
650 7 |a CONTRATO DE TRABAJO  |2 CL-VaPUC  |9 387234 
650 0 |a Derecho sucesorio  |9 255015 
650 7 |a SUCESION POR CAUSA DE MUERTE  |2 CL-VaPUC  |9 387235 
650 0 |a Derecho internacional privado  |9 256361 
651 0 |a Italia  |9 254949 
583 |a last modification  |c 19970516 00:00:00  |k Rodrigo Vera 
999 |c 260138  |d 260136 
952 |0 0  |1 0  |4 0  |6 346_450000000000000_MES_1952  |7 0  |8 X  |9 285765  |a BIBDER  |b BIBDER  |d 2019-11-19  |h v.1  |i 1856324  |l 3  |m 4  |o 346.45 MES 1952  |p 1856324  |q 2025-12-31  |r 2021-10-11  |s 2021-10-11  |w 2019-11-19  |y BK_X  |k DER 
952 |0 0  |1 0  |4 0  |6 346_450000000000000_MES_1952  |7 0  |8 X  |9 285766  |a BIBDER  |b BIBDER  |d 2019-11-19  |h v.2 p.1  |i 1856332  |o 346.45 MES 1952  |p 1856332  |r 2023-01-25  |w 2019-11-19  |y BK_X  |k DER 
952 |0 0  |1 0  |4 0  |6 346_450000000000000_MES_1952  |7 0  |8 X  |9 285767  |a BIBDER  |b BIBDER  |d 2019-11-19  |h v.2 p.2  |i 1856340  |o 346.45 MES 1952  |p 1856340  |r 2023-01-25  |w 2019-11-19  |y BK_X  |k DER 
952 |0 0  |1 0  |4 0  |6 346_450000000000000_MES_1952  |7 0  |8 X  |9 285768  |a BIBDER  |b BIBDER  |d 2019-11-19  |h v.3 p.1-1  |i 1856359  |o 346.45 MES 1952  |p 1856359  |r 2023-01-25  |w 2019-11-19  |y BK_X  |k DER 
952 |0 0  |1 0  |4 0  |6 346_450000000000000_MES_1952  |7 0  |8 X  |9 285769  |a BIBDER  |b BIBDER  |d 2019-11-19  |h v.3 p.1-2  |i 1856367  |o 346.45 MES 1952  |p 1856367  |r 2023-01-25  |w 2019-11-19  |y BK_X  |k DER 
952 |0 0  |1 0  |4 0  |6 346_450000000000000_MES_1952  |7 0  |8 X  |9 285770  |a BIBDER  |b BIBDER  |d 2019-11-19  |h v.3 p.2  |i 1856375  |o 346.45 MES 1952  |p 1856375  |r 2023-01-25  |w 2019-11-19  |y BK_X  |k DER 
952 |0 0  |1 0  |4 0  |6 346_450000000000000_MES_1952  |7 0  |8 X  |9 285771  |a BIBDER  |b BIBDER  |d 2019-11-19  |h v.3 p.2sup  |i 1856383  |o 346.45 MES 1952  |p 1856383  |r 2023-01-25  |w 2019-11-19  |y BK_X  |k DER